Introduction to meetings, incentives, conferences and events management (MICE) / (Record no. 1267)
[ view plain ]
| 000 -LEADER | |
|---|---|
| fixed length control field | 01468nam a22002657a 4500 |
| 003 - CONTROL NUMBER IDENTIFIER | |
| control field | OSt |
| 005 - DATE AND TIME OF LATEST TRANSACTION | |
| control field | 20220919022949.0 |
| 008 - FIXED-LENGTH DATA ELEMENTS--GENERAL INFORMATION | |
| fixed length control field | 210623b ||||| |||| 00| 0 eng d |
| 020 ## - INTERNATIONAL STANDARD BOOK NUMBER | |
| International Standard Book Number | 9786210403848 |
| 040 ## - CATALOGING SOURCE | |
| Language of cataloging | English. |
| Transcribing agency | CvSU-CCAT Campus Library. |
| Description conventions | rda. |
| Original cataloging agency | CvSU-CCAT Campus Library. |
| 050 ## - LIBRARY OF CONGRESS CALL NUMBER | |
| Classification number | GT 3406 |
| Item number | C78 2020 |
| 100 ## - MAIN ENTRY--PERSONAL NAME | |
| Personal name | Cruz, Zenaida Lansangan, author. |
| 9 (RLIN) | 3869 |
| 245 ## - TITLE STATEMENT | |
| Title | Introduction to meetings, incentives, conferences and events management (MICE) / |
| Statement of responsibility, etc. | Zenaida Lansangan-Cruz. |
| 260 ## - PUBLICATION, DISTRIBUTION, ETC. | |
| Place of publication, distribution, etc. | Manila : |
| Name of publisher, distributor, etc. | Rex Book Store, Inc., |
| Date of publication, distribution, etc. | c2020. |
| 300 ## - PHYSICAL DESCRIPTION | |
| Extent | vi, 214 pages : |
| Other physical details | illustrations ; |
| Dimensions | 26 cm. |
| 490 ## - SERIES STATEMENT | |
| Series statement | (HRM-Tourism series) |
| 501 ## - WITH NOTE | |
| With note | Outcomes-Based Education. |
| 504 ## - BIBLIOGRAPHY, ETC. NOTE | |
| Bibliography, etc. note | Includes bibliographical references and index. |
| 505 ## - FORMATTED CONTENTS NOTE | |
| Formatted contents note | 1. The meaning and importance of MICE. 2. Key players in the MICE Industry and their roles in the tourism and hospitality industry. 3. MICE planners. 4. MICE planning. 5. MICE management. 6. Marketing MICE. 7. Financial management of MICE. 8. Risk management. 9. The role of ethics in the MICE industry. 10. Technology for the MICE industry. 11. Changes affecting the MICE industry in the next millennium. 12. Special events management. |
| 546 ## - LANGUAGE NOTE | |
| Language note | In English text. |
| 650 ## - SUBJECT ADDED ENTRY--TOPICAL TERM | |
| Topical term or geographic name entry element | Special events |
| Form subdivision | Planning. |
| Geographic subdivision | Philippines |
| 9 (RLIN) | 3870 |
| 650 ## - SUBJECT ADDED ENTRY--TOPICAL TERM | |
| Topical term or geographic name entry element | Special events |
| Form subdivision | Management. |
| Geographic subdivision | Philippines |
| 9 (RLIN) | 3871 |
| 942 ## - ADDED ENTRY ELEMENTS (KOHA) | |
| Source of classification or shelving scheme | Library of Congress Classification |
| Koha item type | Book |
| Classification part | GT 3406 C78 2020 |
| Call number prefix | F |
| Withdrawn status | Lost status | Source of classification or shelving scheme | Damaged status | Not for loan | Collection code | Home library | Current library | Shelving location | Date acquired | Source of acquisition | Coded location qualifier | Cost, normal purchase price | Full call number | Barcode | Date last seen | Copy number | Koha item type | Total Checkouts | Total Renewals | Date last checked out |
|---|---|---|---|---|---|---|---|---|---|---|---|---|---|---|---|---|---|---|---|---|
| Library of Congress Classification | Book | Cavite State University - CCAT Campus | Cavite State University - CCAT Campus | F | 04/28/2021 | Purchased | F | 360.00 | F GT3406 C78 2020 | R0012404 | 10/15/2025 | c.1 | Book | |||||||
| Library of Congress Classification | Book | Cavite State University - CCAT Campus | Cavite State University - CCAT Campus | F | 04/28/2021 | Purchased | F | 360.00 | F GT3406 C78 2020 | r0012405 | 03/03/2026 | c.2 | Book | 7 | 15 | 02/18/2026 | ||||
| Library of Congress Classification | Book | Cavite State University - CCAT Campus | Cavite State University - CCAT Campus | F | 04/28/2021 | Purchased | F | 360.00 | F GT3406 C78 2020 | R0012406 | 10/15/2025 | c.3 | Book | 1 | 4 | 10/09/2023 | ||||
| Library of Congress Classification | Book | Cavite State University - CCAT Campus | Cavite State University - CCAT Campus | F | 04/28/2021 | Purchased | F | 360.00 | F GT3406 C78 2020 | R0012407 | 03/03/2026 | c.4 | Book | 3 | 3 | 09/06/2025 |
